1 & 2 Kings : (Record no. 9143)

MARC details
000 -LEADER
fixed length control field 02776cam a2200397 i 4500
001 - CONTROL NUMBER
control field 71812775
003 - CONTROL NUMBER IDENTIFIER
control field OCoLC
005 - DATE AND TIME OF LATEST TRANSACTION
control field 20241126110706.0
008 - FIXED-LENGTH DATA ELEMENTS--GENERAL INFORMATION
fixed length control field 060926s2006 miu b 001 0 eng
010 ## -
-- 2006032090
020 ## - INTERNATIONAL STANDARD BOOK NUMBER
International Standard Book Number 9780310211297
Qualifying information (acid-free paper)
020 ## - INTERNATIONAL STANDARD BOOK NUMBER
International Standard Book Number 0310211298
Qualifying information (acid-free paper)
035 ## - SYSTEM CONTROL NUMBER
System control number (OCoLC)71812775
040 ## - CATALOGING SOURCE
Original cataloging agency DLC
Language of cataloging eng
Description conventions rda
Transcribing agency DLC
Modifying agency BAKER
-- BTCTA
-- YDXCP
-- WTS
-- OCLCQ
-- BDX
-- HNW
-- OCLCA
-- OCLCQ
-- OCLCF
-- P4I
-- OCLCO
-- OCLCQ
-- CHC
-- XBE
050 00 -
-- BS1335.53
-- .K66 2006
082 00 - DEWEY DECIMAL CLASSIFICATION NUMBER
Classification number 220.77
-- 222.5077
Edition information 22
Item number NIV
100 1# - MAIN ENTRY--PERSONAL NAME
Personal name Konkel, August H.
Authority record control number or standard number http://id.loc.gov/authorities/names/no2004006275
9 (RLIN) 15952
245 10 - TITLE STATEMENT
Title 1 & 2 Kings :
Remainder of title from biblical text-- to contemporary life /
Statement of responsibility, etc. August H. Konkel.
246 3# -
-- One and two Kings
246 3# -
-- First and second Kings
264 #1 - PRODUCTION, PUBLICATION, DISTRIBUTION, MANUFACTURE, AND COPYRIGHT NOTICE
Place of production, publication, distribution, manufacture Grand Rapids, Mich. :
Name of producer, publisher, distributor, manufacturer Zondervan,
Date of production, publication, distribution, manufacture, or copyright notice [2006]
264 #4 - PRODUCTION, PUBLICATION, DISTRIBUTION, MANUFACTURE, AND COPYRIGHT NOTICE
Date of production, publication, distribution, manufacture, or copyright notice ℗♭2006
300 ## - PHYSICAL DESCRIPTION
Extent 704 pages ;
Dimensions 25 cm.
336 ## - CONTENT TYPE
Content type term text
Content type code txt
Source rdacontent
337 ## - MEDIA TYPE
Media type term unmediated
Media type code n
Source rdamedia
338 ## - CARRIER TYPE
Carrier type term volume
Carrier type code nc
Source rdacarrier
490 1# - SERIES STATEMENT
Series statement The NIV application commentary.
504 ## - BIBLIOGRAPHY, ETC. NOTE
Bibliography, etc. note Includes bibliographical references and indexes.
505 ## - FORMATTED CONTENTS NOTE
Formatted contents note Readers of 1 and 2 Kings commonly approach these books as a straightforward chronology of post-Davidic Israel: the inauguration of Solomon's reign, the division of the kingdom following his death, and Israel's and Judah's ensuing kings, conflicts, captivities, and overarching spiritual decline. In reality, however, the books of the Kings fall into the collection known as the Former Prophets, and their true story and underlying theme center on such personalities as Nathan, Elijah, Elisha, and other divinely appointed spokesmen. It is God's interaction with his people by way of his prophets and their kings--his pleadings, his warnings, and the fulfillment of his words--that comes across again and again. God speaks; now will his people hear, believe, and respond? The question is as relevant for us today as it was for the ancient Israelites. Bridging the centuries, August Konkel connects past context to contemporary circumstances, helping us grasp the meaning and signifance of 1 and 2 Kings and take to heart their message for us today. --From publisher's description.
630 00 - SUBJECT ADDED ENTRY--UNIFORM TITLE
Uniform title Bible.
Name of part/section of a work Kings
Authority record control number or standard number http://id.loc.gov/authorities/names/n82066851
Form subdivision Commentaries.
Authority record control number or standard number http://id.loc.gov/authorities/subjects/sh99001404
9 (RLIN) 15953
655 #7 - INDEX TERM--GENRE/FORM
Genre/form data or focus term Commentaries.
Source of term fast
Authority record control number or standard number http://id.worldcat.org/fast/1423723
9 (RLIN) 875
830 #0 -
-- NIV application commentary.
-- http://id.loc.gov/authorities/names/n94048887
-- 1769
856 41 - ELECTRONIC LOCATION AND ACCESS
Materials specified Table of contents
Uniform Resource Identifier <a href="http://catdir.loc.gov/catdir/toc/ecip072/2006032090.html">http://catdir.loc.gov/catdir/toc/ecip072/2006032090.html</a>
856 41 - ELECTRONIC LOCATION AND ACCESS
Materials specified Table of contents only
Uniform Resource Identifier <a href="http://www.loc.gov/catdir/toc/ecip072/2006032090.html">http://www.loc.gov/catdir/toc/ecip072/2006032090.html</a>
942 ## - ADDED ENTRY ELEMENTS (KOHA)
Source of classification or shelving scheme Dewey Decimal Classification
Koha item type Reference Books
Holdings
Withdrawn status Lost status Source of classification or shelving scheme Damaged status Not for loan Home library Current Library Shelving location Date acquired Total checkouts Full call number Barcode Date last seen Copy number Price effective from Koha item type
    Dewey Decimal Classification     GRACE BIBLE COLLEGE GRACE BIBLE COLLEGE Commentary 2022-04-18   220.77 NIV 015532 2025-05-01 v.8 2022-04-18 Reference Books
© Grace Bible College Library 2025